| 000 | 00402nam a2200145 a 4500 | ||
|---|---|---|---|
| 005 | 20140412111331.0 | ||
| 008 | 030317s19uu xx 00 eng d | ||
| 020 | _a0-02-109586-8 | ||
| 050 |
_aBB _bRh473 1998 |
||
| 245 | _aRhino country. | ||
| 260 |
_aNew York : _bMacmillan/McGraw-Hill School Pub. Comp, _c1998. |
||
| 300 | _a31 p. ; ill. | ||
| 650 | _aMammals--Juvenile literature | ||
| 999 |
_c104939 _d104939 |
||